1748 1023 1920 1303 1178 1443 1673 1522 1791 1470 1601 1292 1704 1463 1673 1301 1432 1361 1160 1139 1583 1768 1304 1509 1226 1712 1662 1324 1432 1514 1262 1525 1139 1046 1551 1639 1767 1389 1697 1165 1877 1751 1882 1905 1863 1418 1232 1821 1829 1672 1051 1514 1718 1890 1801 1337 1932 1216 1164 1126 1539 1152 1487 1143 1839 1696 1127 1709 1112 1259 1653 1591 1686 1397 1928 1877 1067 1237 1001 1871 1196 1732 1777 1168 1038 1803 1024 1276 1200 1560 1197 1593 1465 1821 1211 1307 1257 1731 1479 BCNSPRNW ULIB Ver.6.0+V

เปลี่ยนเป็นภาษาไทย

Change to English
 แสดงรายละเอียดบรรณานุกรม
  กลับหน้าหลัก

Brief Record : Get Marc (ISO 2709) : E-mail record : QR code < ปิดหน้าต่าง
LEADER : 00000nam 2200000uu 4500
001    13399120908
003     ULIB
008    121024s2545||||th 000 0 tha d
020    ^a9749003330
060  4 ^aWM430.5^bอ833จ
100 0  ^aอุมาพร ตรังคสมบัติ
245 10 ^aจิตวิทยาชีวิตคู่และการบำบัดคู่สมรส =^bThe psychology ofmarriage and marital therapy /^cอุมาพร ตรังคสมบัติ
246 31 ^aThe psychology of marriage and marital therapy
250    ^aพิมพ์ครั้งที่ 1.
260    ^aกรุงเทพฯ :^bศูนย์วิจัยและพัฒนาครอบครัว,^c2545
300    ^a318 หน้า ;^c25 ซม.
650  2 ^aMarital therapy
650  7 ^aการสมรส
650  7 ^aความสัมพันธ์ในครอบครัว
650  7 ^aจิตวิทยา
945    ^p325^l0^i11911
945    ^p325^l0^i14799
995    ^aทศพร
999    ^aทศพร เกษรทอง
รายการนี้ยังไม่มีแท็ก
คุณยังไม่ได้ล็อกอิน คุณสามารถมีกิจกรรมร่วมกับเว็บไซต์ได้ แต่ต้องล็อกอินก่อน ::
  ล็อกอิน

รายการสื่อสารสนเทศ

ลำดับที่ ประเภท เลขเรียก/บาร์โค้ด สถานที่ สถานะ
1. วิทยาศาสตร์การแพทย์ และสุขภาพ
วิทยาศาสตร์การแพทย์ และสุขภาพ
WM430.5 อ833จ  
  Barcode: 14799
ห้องสมุดวิทยาเขตสวรรค์ประชารักษ์
►หนังสือทั่วไป
บนชั้น
2. วิทยาศาสตร์การแพทย์ และสุขภาพ
วิทยาศาสตร์การแพทย์ และสุขภาพ
WM430.5 อ833จ ฉ.1 
  Barcode: 11911
ห้องสมุดวิทยาเขตสวรรค์ประชารักษ์
►หนังสือทั่วไป
บนชั้น

รายการใกล้เคียง
    ผู้แต่ง [อุมาพร ตรังคสมบัติ]

    หัวเรื่อง [การสมรส]
    หัวเรื่อง [ความสัมพันธ์ในครอบครัว]
    หัวเรื่อง [จิตวิทยา]

BibComment


ยังไม่เคยถูกคอมเมนท์

คอมเมนท์ทรัพยากรรายการนี้
  คอมเมนท์: จิตวิทยาชีวิตคู่..


 Copyright 2026. Bcnsprnw @Library